पर्यावरण और विकास/ (Record no. 203887)

MARC details
000 -LEADER
fixed length control field 00849nam a22001937a 4500
005 - DATE AND TIME OF LATEST TRANSACTION
control field 20240703120407.0
010 ## - LCCN (DPL NO)
LC control number HIN-127906
020 ## - INTERNATIONAL STANDARD BOOK NUMBER
Terms of availability 215.00
International Standard Book Number 9789354095580
035 ## - SYSTEM CONTROL NUMBER
System control number HN-100252
037 ## - SOURCE OF ACQUISITION
Source of stock number/acquisition DBAD
082 ## - DEWEY DECIMAL CLASSIFICATION NUMBER
Classification number 363.7
100 ## - MAIN ENTRY--PERSONAL NAME
Personal name शर्मा, सुभाष
245 ## - TITLE STATEMENT
Title पर्यावरण और विकास/
Statement of responsibility, etc सुभाष शर्मा
250 ## - EDITION STATEMENT
Edition statement प्रथम
260 ## - PUBLICATION, DISTRIBUTION, ETC. (IMPRINT)
Place of publication, distribution, etc नई दिल्ली
Name of publisher, distributor, etc सुचना और प्रसारण मंत्रालय भारत सरकार
Date of publication, distribution, etc 2022
270 ## - ADDRESS
Address सुचना भवन, सी. जी. ओ. काम्प्लेक्स, लोधी रोड
City नई दिल्ली
Postal code 110003
300 ## - PHYSICAL DESCRIPTION
Extent 189 पृ.
Dimensions 24 सेमी (अजिल्द)
942 ## - ADDED ENTRY ELEMENTS (KOHA)
Source of classification or shelving scheme Dewey Decimal Classification
Item type Hindi Books
Classification part 363.7
Call number suffix सुभाष
Holdings
Withdrawn status Lost status Not for loan Collection code Home library Current library Date acquired Source of acquisition Cost, normal purchase price Full call number Barcode Copy number Cost, replacement price Koha item type
      Non-fiction Central Jail Tihar Central Jail Tihar 03/07/2024 DBAD 215.00 363.7 सुभाष HN-100252 1 215.00 Hindi Books

© Delhi Public Library
Hit Counter
free hit counter